Normal view
MARC view
Entry Personal Name
001 - CONTROL NUMBER
- control field: 43797
003 - CONTROL NUMBER IDENTIFIER
- control field: dpl
005 - DATE AND TIME OF LATEST TRANSACTION
- control field: 20120314163026.0
008 - FIXED-LENGTH DATA ELEMENTS
- fixed length control field: 120314|||a|||||| | ||| d
040 ## - CATALOGING SOURCE
- Original cataloging agency: dpl
- Transcribing agency: dpl
100 ## - HEADING--PERSONAL NAME
- Personal name: Rajnish Mohan
670 ## - SOURCE DATA FOUND
- Source citation: Work cat.: (dpl): Hari Mohan Prasad 43793, How to prepare for group discussion and interview /, 2006
670 ## - SOURCE DATA FOUND
- Source citation: Work cat.: (dpl): Hari Mohan Prasad 43793, How to prepare for group discussion and interview /, 2006
